PHARMACOLOGY & NURSING PROCESS (Record no. 2030)

MARC details
000 -LEADER
fixed length control field 00342nam a2200145Ia 4500
008 - FIXED-LENGTH DATA ELEMENTS--GENERAL INFORMATION
fixed length control field 150201s2004 xx 000 0 und d
082 ## - DEWEY DECIMAL CLASSIFICATION NUMBER
Classification number 615
Item number P04L
100 ## - MAIN ENTRY--PERSONAL NAME
Personal name LILLEY , LINDA LANE
245 ## - TITLE STATEMENT
Title PHARMACOLOGY & NURSING PROCESS
250 ## - EDITION STATEMENT
Edition statement 4TH
260 ## - PUBLICATION, DISTRIBUTION, ETC. (IMPRINT)
Name of publisher, distributor, etc. MOSBY
Place of publication, distribution, etc. USA
Date of publication, distribution, etc. 2004
300 ## - PHYSICAL DESCRIPTION
Extent 1025
650 ## - SUBJECT ADDED ENTRY--TOPICAL TERM
Topical term or geographic name as entry element PHARMACOLOGY
942 ## - ADDED ENTRY ELEMENTS (KOHA)
Source of classification or shelving scheme Dewey Decimal Classification
Koha item type Books
Holdings
Withdrawn status Lost status Source of classification or shelving scheme Damaged status Not for loan Collection code Home library Current library Shelving location Date acquired Source of acquisition Cost, normal purchase price SGTU Bill Number Total Checkouts Full call number Barcode Date last seen Bill Date Koha item type
    Dewey Decimal Classification   Not For Loan NURSING SGT Medical Library SGT Medical Library Reference Book 19/04/2012 UBS DELHI 1595.00 SGTU 46   615 P04L FN616 09/02/2015 19/04/2012 Books
    Dewey Decimal Classification   Not For Loan NURSING SGT Medical Library SGT Medical Library Reference Book 19/04/2012 UBS DELHI 1595.00 SGTU 46   615 P04L FN617 09/02/2015 19/04/2012 Books